Analýza rizik ochrany kulturních památek v okolí města Považská Bystrica

Saved in:
Bibliographic Details
Main Author Uhláriková, Marianna (Dissertant)
Other Authors Šafařík, Zdeněk (Thesis advisor)
Format Manuscript Book
LanguageSlovak
Published 2012
Subjects
Online AccessPlný text v Digitální knihovně UTB
Physical Description90 s.

Cover

LEADER 00000ntm a22000007u 4500
001 zp27260
041 |a slo 
100 1 |a Uhláriková, Marianna  |4 dis 
245 1 0 |a Analýza rizik ochrany kulturních památek v okolí města Považská Bystrica 
246 |a Risk Analysis of Culture Monuments around Považská Bystrica 
260 |c 2012 
300 |a 90 s. 
500 |a Studijní obor: Ovládání rizik 
500 |a Studijní obor: Technological Equipment 
500 |a Ústav: Ústav krizového řízení 
500 |a Univerzita Tomáše Bati ve Zlíně. Fakulta logistiky a krizového řízení 
500 |a Tomas Bata University in Zlín. Faculty of Logistics and Crisis Management 
506 |a Bez omezení 
653 |a Kultúrne pamiatky 
653 |a riziko 
653 |a stav pamiatok 
653 |a Cultural monuments 
653 |a risk 
653 |a conditions of monuments 
655 4 |a bakalářská práce 
700 1 |a Šafařík, Zdeněk  |4 ths 
710 2 |a Univerzita Tomáše Bati ve Zlíně. Fakulta logistiky a krizového řízení  |4 dgg 
710 2 |a Tomas Bata University in Zlín. Faculty of Logistics and Crisis Management  |4 dgg 
856 4 0 |u http://hdl.handle.net/10563/22211  |y Plný text v Digitální knihovně UTB